| 000 | 00840nmc a2200301 a 4500 | ||
|---|---|---|---|
| 003 | AR-BaBNM | ||
| 005 | 20251128205055.0 | ||
| 008 | 011101s1963 ||||||||||||||000 | spa|| | ||
| 040 | _cAR-BaBNM | ||
| 100 | 1 | _aDewey, John | |
| 245 | 1 | 0 | _aDemocracia y educación |
| 250 | _a5ª ed. | ||
| 260 |
_aBuenos Aires _bLosada _c1963 |
||
| 300 | 0 | _a360 p. | |
| 490 | 0 | _aPublicaciones de la revista pedagógica. Biblioteca pedagógica | |
| 650 | 4 | _aFILOSOFIA DE LA EDUCACION | |
| 650 | 4 | _aFINALIDADES DE LA EDUCACION | |
| 650 | 4 | _aTEORIA DEL CONOCIMIENTO | |
| 650 | 4 | _aDISCIPLINA ESCOLAR | |
| 650 | 4 | _aJUEGOS EDUCATIVOS | |
| 650 | 4 | _aOCIO | |
| 650 | 4 | _aVALORES MORALES | |
| 653 | 0 | _aEXPERIENCIAS EDUCATIVAS | |
| 700 | 1 |
_aLuzuriaga, Lorenzo _etraductor |
|
| 800 | 1 |
_aLuzuriaga, Lorenzo _efundador |
|
| 942 | _cBK | ||
| 998 | _cCarmen | ||
| 999 |
_c9877 _d9877 |
||